Top 100 albums of the 2000s on RateYourMusic - Statistics

General Stats
  • This quiz has been taken 115 times
    93 since last reset
  • The average score is 34 of 100
Answer Stats
# Artist Album % Correct
1 Radiohead Kid A
96%
2 Madvillain Madvillainy
95%
3 Radiohead In Rainbows
94%
7 Kanye West The College Dropout
91%
9 MF DOOM Mm.. Food
88%
8 Sufjan Stevens Illinois
86%
12 Kanye West Late Registration
86%
5 Björk Vespertine
81%
6 The Microphones The Glow Pt. 2
79%
11 J Dilla Donuts
78%
17 Daft Punk Discovery
77%
16 The Strokes Is This It
77%
45 Radiohead Amnesiac
76%
10 Arcade Fire Funeral
74%
76 Jay-Z The Blueprint
72%
51 Gorillaz Demon Days
71%
4 Godspeed You Black Emperor! Lift Yr. Skinny Fists Like Antennas to Heaven!
69%
24 Queens of the Stone Age Songs for the Deaf
65%
13 Have a Nice Life Deathconsciousness
64%
55 OutKast Stankonia
64%
46 System of a Down Toxicity
62%
18 Interpol Turn On the Bright Lights
62%
20 Tool Lateralus
60%
15 The Avalanches Since I Left You
59%
40 Deftones White Pony
59%
28 Wilco Yankee Hotel Foxtrot
58%
34 LCD Soundsystem Sound of Silver
53%
35 D'Angelo Voodoo
53%
71 Common Be
51%
19 Joanna Newsom Ys
51%
14 Sweet Trip Velocity : Design : Comfort
49%
82 Animal Collective Merriweather Post Pavilion
47%
22 Burial Untrue
46%
53 Deltron 3030 Deltron 3030
44%
30 The Microphones Mount Eerie
42%
37 Portishead Third
41%
26 Electric Wizard Dopethrone
40%
92 Boris Pink
40%
59 The Flaming Lips Yoshimi Battles the Pink Robots
38%
27 Converge Jane Doe
36%
67 Animal Collective Strawberry Jam
36%
32 Magnolia Electric Co. The Magnolia Electric Co.
33%
42 Ween Quebec
32%
25 Boards of Canada Geogaddi
31%
38 Viktor Vaughn Vaudeville Villain
31%
100 The National Boxer
28%
56 Nujabes Modal Soul
28%
33 Boris Boris at Last -Feedbacker-
26%
36 Boris Flood
26%
62 Clipse Hell Hath No Fury
26%
78 Brand New The Devil and God Are Raging Inside Me
26%
29 Opeth Blackwater Park
24%
73 Ghostface Killah Supreme Clientele
24%
39 At the Drive-in Relationship of Command
23%
63 Broken Social Scene You Forgot It in People
23%
21 Sweet Trip You Will Never Know Why
23%
23 Unwound Leaves Turn Inside You
22%
60 Mastodon Leviathan
22%
79 Cannibal Ox The Cold Vein
22%
70 The Mars Volta De-Loused in the Comatorium
21%
48 Sun Kil Moon Ghosts of the Great Highway
21%
61 Fugazi The Argument
19%
97 Johnny Cash American IV: The Man Comes Around
15%
49 Mastodon Crack the Skye
15%
65 The Brave Little Abacus Masked Dancers: Concern in So Many Things You Forget Where You Are
15%
43 Coil The Ape of Naples
15%
96 Sleater-Kinney The Woods
15%
90 Yo La Tengo And Then Nothing Turned Itself Inside-Out
14%
95 PJ Harvey Stories From the City, Stories From the Sea
14%
84 Erykah Badu Mama's Gun
13%
54 Isis Panopticon
13%
94 Opeth Damnation
12%
57 Natural Snow Buildings Daughter of Darkness
12%
64 Gojira From Mars to Sirius
12%
98 The Roots Game Theory
12%
31 Modest Mouse The Moon & Antarctica
12%
68 Tom Waits Orphans: Brawlers, Bawlers & Bastards
10%
69 Agalloch The Mantle
10%
93 Isis Oceanic
9%
50 Agalloch Ashes Against the Grain
8%
47 Opeth Ghost Reveries
8%
44 Sheena Ringo Kalk Samen Kuri no Hana
8%
86 Sheena Ringo Shoso Strip
8%
77 Natural Snow Buildings The Dance of the Moon and the Sun
8%
75 Stars of the Lid And Their Refinement of the Decline
5%
52 Immolation Close to a World Below
5%
74 Johnny Cash Unearthed
5%
72 Grand Valley State University New Music Ensemble Music for 18 Musicians
4%
88 Racionais MC's Nada como um dia após o outro dia
4%
58 Bolt Thrower Those Once Loyal
4%
41 Sigur Rós ( )
3%
66 Weakling Dead as Dreams
3%
83 Tim Hecker Harmony in Ultraviolet
3%
99 Moonsorrow Verisäkeet
3%
85 Stereolab ABC Music: The Radio 1 Sessions
1%
81 Sagopa Kajmer Bir Pesimistin Gözyaşları
1%
87 Shibusashirazu Shibuboshi
1%
89 FLUX Quartet Feldman Edition 6: String Quartet No. 2
0%
80 Concentus Musicus Wien Matthäus-Passion
0%
91 Maurizio Pollini Nocturnes
0%
No matching quizzes found
Score Distribution
Percent of People with Each Score
Percentile by Number Answered
Your Score History
You have not taken this quiz since the last reset